Discographie de The Police (1978-1983) - Statistiques

Statistiques générales
  • Ce quiz a été pris 6 fois
  • Le résultat moyen est 8 sur 54
Statistiques - réponses
Groupe Réponse % Correct
Zenyattà Mondatta (1980) Don't Stand So Close To Me
80%
Reggatta de Blanc (1979) Message In A Bottle
80%
Outlandos d'Amour (1978) Roxanne
80%
Outlandos d'Amour (1978) So Lonely
80%
Outlandos d'Amour (1978) Can't Stand Losing You
60%
Synchronicity (1983) Every Breath You Take
60%
Ghost in the Machine (1981) Every Little Thing She Does Is Magic
60%
Reggatta de Blanc (1979) Walking On The Moon
60%
Synchronicity (1983) Synchronicity II
40%
Reggatta de Blanc (1979) Bring On The Night
20%
Zenyattà Mondatta (1980) Driven To Tears
20%
Ghost in the Machine (1981) Invisible Sun
20%
Zenyattà Mondatta (1980) Man In A Suitcase
20%
Outlandos d'Amour (1978) Next to You
20%
Reggatta de Blanc (1979) Reggatta De Blanc
20%
Synchronicity (1983) Tea In The Sahara
20%
Synchronicity (1983) Wrapped Around Your Finger
20%
Zenyattà Mondatta (1980) Behind My Camel
0%
Outlandos d'Amour (1978) Be My Girl - Sally
0%
Zenyattà Mondatta (1980) Bombs Away
0%
Outlandos d'Amour (1978) Born In The 50's
0%
Zenyattà Mondatta (1980) Canary In A Coalmine
0%
Reggatta de Blanc (1979) Contact
0%
Ghost in the Machine (1981) Darkness
0%
Reggatta de Blanc (1979) Deathwish
0%
Zenyattà Mondatta (1980) De Do Do Do, De Da Da Da
0%
Ghost in the Machine (1981) Demolition Man
0%
Reggatta de Blanc (1979) Does Everyone Stare
0%
Outlandos d'Amour (1978) Hole in My Life
0%
Ghost in the Machine (1981) Hungry For You
0%
Reggatta de Blanc (1979) It's Alright For You
0%
Synchronicity (1983) King Of Pain
0%
Outlandos d'Amour (1978) Masoko Tanga
0%
Synchronicity (1983) Miss Gradenko
0%
Synchronicity (1983) Mother
0%
Synchronicity (1983) Murder By Numbers
0%
Reggatta de Blanc (1979) No Time This Time
0%
Ghost in the Machine (1981) Omegaman
0%
Synchronicity (1983) O My God
0%
Reggatta de Blanc (1979) On Any Other Day
0%
Ghost in the Machine (1981) One World (Not Three)
0%
Outlandos d'Amour (1978) Peanuts
0%
Ghost in the Machine (1981) Re-Humanise Yourself
0%
Ghost in the Machine (1981) Secret Journey
0%
Zenyattà Mondatta (1980) Shadows In The Rain
0%
Ghost in the Machine (1981) Spirits In The Material World
0%
Synchronicity (1983) Synchronicity I
0%
Reggatta de Blanc (1979) The Bed's Too Big Without You
0%
Zenyattà Mondatta (1980) The Other Way Of Stopping
0%
Ghost in the Machine (1981) Too Much Information
0%
Outlandos d'Amour (1978) Truth Hits Everybody
0%
Zenyattà Mondatta (1980) Voices Inside My Head
0%
Synchronicity (1983) Walking In Your Footsteps
0%
Zenyattà Mondatta (1980) When The World Is Running Down, You Make The Best Of What's Still Around
0%
Aucun quiz correspondant
Distribution des résultats
% des personnes avec chaque résultat
Percentile par nombre de réponses
Votre historique - résultats
Vous n’avez pas pris ce quiz